| 000 | 00533nam a2200181Ia 4500 | ||
|---|---|---|---|
| 003 | GCL | ||
| 008 | 140319s9999 xx 000 0 ara d | ||
| 020 | _a2818305977 | ||
| 040 |
_aGCL / _cGCL |
||
| 082 | 0 | 4 |
_a728.3 _bم م |
| 245 | 1 | 0 | _aمنزل الست وسيلة |
| 260 |
_aالقاهرة : _bالمجلس الاعلى للاثار ، _c2005 |
||
| 300 |
_a167 ص ؛ _c16 سم |
||
| 650 | 0 | 4 | _aالعمارة المصرية |
| 650 | 0 | 4 | _aالعمارة المنزلية |
| 650 | 0 | 4 | _aالمساكن - ترميم |
| 942 |
_2ddc _cBK |
||
| 999 |
_c8582 _d8582 |
||